000 01024nam a2200217Ia 4500
003 Ost
005 20260507075126.0
008 260507s9999||||xx |||||||||||||| ||und||
040 _cfsecg
041 _aara
082 _a330
100 _aالرشيدي، أحمد فهد
_eمؤلف
245 0 _aعمليات التورق وتطبيقاتها الإقتصادية في المصارف الإسلامية /
_c أحمد فهد الرشيدي
260 _aعمان:
_bدار النفائس,
_c2005
300 _a245 صفحة؛
_c24 سم
520 _aمفهوم التورق والمصطلحات المتصلة به-التورق الفقهي-التطبيقات المصرفية للتورق وتجاربها في المصارف الإسلامية-التقويم الفقهي والإقتصادي لعملية التورق في المصارف الإسلامية
653 _aالتورق
653 _aالتورق في المصارف الإسلامية
653 _aتطبيقات التورق
942 _cكتاب
999 _c43149
_d43149